La renovación del parlamento, una obra inacabada (Registro nro. 31938)
[ vista simple ]
| 000 -CABECERA | |
|---|---|
| Longitud fija campo de control | 00871naa a2200265 c 4500 |
| 001 - NÚMERO DE CONTROL | |
| Número de control | 31938 |
| 003 - IDENTIFICADOR DE NÚMERO DE CONTROL | |
| Identificador del número de control | ES-MaCES |
| 005 - FECHA Y HORA DE LA ÚLTIMA TRANSACCIÓN | |
| Fecha y hora de la última transacción | 20000714104000.0 |
| 008 - CAMPO FIJO DE DESCRIPCIÓN FIJA--INFORMACIÓN GENERAL | |
| Códigos de información de longitud fija | 000714n1999 sp ||| | spa d |
| 035 ## - NÚMERO DE CONTROL DEL SISTEMA | |
| Número de control del sistema | CES20000004756v |
| 040 ## - FUENTE DE CATALOGACIÓN | |
| Centro catalogador de origen | ES-MaCES |
| Lengua de catalogación | spa |
| Centro transcriptor | ES-MaCES |
| 100 1# - ENCABEZAMIENTO PRINCIPAL--NOMBRE PERSONAL | |
| Nombre de persona | Chrestia, Philippe |
| 9 (RLIN) | 9613 |
| 245 13 - MENCIÓN DE TÍTULO | |
| Título | La renovación del parlamento, una obra inacabada |
| Mención de responsabilidad, etc. | Philippe Chrestia |
| 500 ## - NOTA GENERAL | |
| Nota general | Índice |
| 650 #4 - ASIENTO SECUNDARIO DE MATERIA--TÉRMINO DE MATERIA | |
| Término de materia o nombre geográfico como elemento inicial | comisión |
| 9 (RLIN) | 29195 |
| 650 #4 - ASIENTO SECUNDARIO DE MATERIA--TÉRMINO DE MATERIA | |
| Término de materia o nombre geográfico como elemento inicial | España |
| 9 (RLIN) | 26964 |
| 650 #4 - ASIENTO SECUNDARIO DE MATERIA--TÉRMINO DE MATERIA | |
| Término de materia o nombre geográfico como elemento inicial | gobierno |
| 9 (RLIN) | 27210 |
| 650 #4 - ASIENTO SECUNDARIO DE MATERIA--TÉRMINO DE MATERIA | |
| Término de materia o nombre geográfico como elemento inicial | práctica parlamentaria |
| 9 (RLIN) | 29060 |
| 650 #4 - ASIENTO SECUNDARIO DE MATERIA--TÉRMINO DE MATERIA | |
| Término de materia o nombre geográfico como elemento inicial | parlamento |
| 9 (RLIN) | 27198 |
| 653 10 - TÉRMINO DE INDEXACIÓN--NO CONTROLADO | |
| Término no controlado | Instituciones comunitarias |
| 773 0# - ENTRADA DE DOCUMENTO FUENTE | |
| Título | Revista de las Cortes Generales |
| Parte(s) relacionada(s) | N. 47 (2º cuatrim. 1999){10270 R. 037161}; p. 27-62 |
| Número de control del registro relacionado | (ES-MaCES)25283 |
| Itemnumber del ítem fuente | 47374 |
| 902 ## - CES. TIPO DE DOCUMENTO | |
| Tipodoc (006$c Sirtex) | ART Artículo de revista |
| 942 ## - ELEMENTOS KOHA | |
| Fuente de clasificaión o esquema | Clasificación propia del CES |
| Koha [por defecto] tipo de item | Artículos (1982-2017) |
| Parte de clasificación | 6.4. |
No hay ítems disponibles.
